| 000 | 00373nam a2200145Ia 4500 | ||
|---|---|---|---|
| 008 | 150201s1948 xx 000 0 und d | ||
| 082 |
_a617.07 _bP1948B |
||
| 100 | _aBOYED,WILLIAM | ||
| 245 | _aTEXT BOOK OF PATHOLOGY | ||
| 250 | _a4TH | ||
| 260 |
_bLEA & FEBIGER PUBLICATION _aPHILADELPHIA PUBLICATION _c1948 |
||
| 300 | _a1-1006 | ||
| 650 | _aPATHOLOGY | ||
| 942 |
_2ddc _cBK |
||
| 999 |
_c3298 _d3298 |
||